[Event "Titled Tuesday intern op 06th Feb Early"]
[Site "Chess.com INT"]
[Date "2024.02.06"]
[Round "1"]
[White "Vakhidov, Shahzod"]
[Black "Bauyrzhan, Arnash"]
[Result "1-0"]
[WhiteElo "2312"]
[BlackElo "2029"]
[PlyCount "71"]
[EventDate "2024.02.06"]
[EventType "swiss (blitz)"]
[EventRounds "11"]
[EventCountry "USA"]
[SourceTitle "CB07_2024"]
[SourceDate "2024.02.14"]
[SourceVersion "1"]
[SourceVersionDate "2024.02.14"]
[SourceQuality "1"]

1. d4 d5 2. Nf3 Nf6 3. g3 e6 4. Bg2 Be7 5. 0-0 0-0 6. c4 dxc4 7. Qc2 a6 8. a4 Bd7 9. Qxc4 Bc6 10. Bf4 Nbd7 11. Nc3 Bd6 12. Rfd1 Bxf4 13. gxf4 Bd5 14. Qd3 Bxf3 15. Bxf3 c6 16. e4 Qe7 17. Qc4 Rfd8 18. b4 Rac8 19. a5 Nf8 20. Ne2 Ng6 21. Ra3 e5 22. f5 Nh4 23. Ng3 exd4 24. Rxd4 Qe5 25. Rxd8+ Rxd8 26. Be2 Rd4 27. Qc5 Qxc5 28. bxc5 Nxe4 29. Re3 f6 30. Rxe4 Rxe4 31. Nxe4 Nxf5 32. Bg4 Nd4 33. Bc8 Nb3 34. Bxb7 Nxa5 35. Bxa6 Nb3 36. Bc4+ 1-0

[Event "Titled Tuesday intern op 06th Feb Early"]
[Site "Chess.com INT"]
[Date "2024.02.06"]
[Round "8"]
[White "Vakhidov, Shahzod"]
[Black "Leve, Nitai D"]
[Result "0-1"]
[WhiteElo "2312"]
[BlackElo "2128"]
[PlyCount "92"]
[EventDate "2024.02.06"]
[EventType "swiss (blitz)"]
[EventRounds "11"]
[EventCountry "USA"]
[SourceTitle "CB07_2024"]
[SourceDate "2024.02.14"]
[SourceVersion "1"]
[SourceVersionDate "2024.02.14"]
[SourceQuality "1"]

1. d4 d5 2. Nf3 c5 3. c4 Nf6 4. cxd5 cxd4 5. Qxd4 Qxd5 6. Nc3 Qxd4 7. Nxd4 a6 8. Bf4 Nbd7 9. Bc7 g6 10. g3 Bg7 11. Bg2 0-0 12. 0-0 Ne8 13. Bd8 Bxd4 14. Bxe7 Nb6 15. Bxf8 Kxf8 16. Rad1 Bf6 17. f4 Nc4 18. Nd5 Bxb2 19. e4 Bg4 20. Rb1 b5 21. h3 Be2 22. Rfe1 Bd3 23. Rxb2 Nxb2 24. e5 Rc8 25. Nb4 a5 26. Nc6 Nc4 27. Rd1 Bf5 28. Kf2 Rc7 29. g4 Bd7 30. Nd4 Ng7 31. Re1 Ne6 32. Ne2 Bc6 33. f5 gxf5 34. gxf5 Bxg2 35. Kxg2 Nc5 36. Nf4 b4 37. f6 a4 38. Kf3 b3 39. axb3 axb3 40. Rd1 Nxe5+ 41. Ke3 Ned7 42. Ra1 Nxf6 43. Kd4 b2 44. Rb1 Na4 45. Nd3 Rc2 46. Ke5 Rd2 0-1

[Event "Titled Tuesday intern op 06th Feb Early"]
[Site "Chess.com INT"]
[Date "2024.02.06"]
[Round "2"]
[White "Vakhidov, Shahzod"]
[Black "Rohit, Krishna S"]
[Result "1-0"]
[WhiteElo "2312"]
[BlackElo "2410"]
[PlyCount "169"]
[EventDate "2024.02.06"]
[EventType "swiss (blitz)"]
[EventRounds "11"]
[EventCountry "USA"]
[SourceTitle "CB07_2024"]
[SourceDate "2024.02.14"]
[SourceVersion "1"]
[SourceVersionDate "2024.02.14"]
[SourceQuality "1"]

1. d4 d5 2. Nf3 Nf6 3. g3 c6 4. Bg2 Bf5 5. 0-0 h6 6. c4 e6 7. Nc3 Nbd7 8. Nd2 Bh7 9. e4 dxe4 10. Ndxe4 Be7 11. Be3 0-0 12. h3 Nxe4 13. Nxe4 Nf6 14. Nc3 Qc7 15. a3 Rfd8 16. Qe2 e5 17. d5 cxd5 18. Nxd5 Nxd5 19. Bxd5 Rac8 20. Qg4 Kf8 21. b4 b5 22. Rac1 Qd7 23. Qf3 Bg6 24. h4 bxc4 25. Rxc4 e4 26. Bxe4 Rxc4 27. Bxg6 Bf6 28. Bb1 Kg8 29. Bxh6 Rc3 30. Be3 Rxa3 31. h5 Qd5 32. Qg4 Qe6 33. Bf5 Qe5 34. Bf4 Qd4 35. Bb1 Qxb4 36. h6 Ra1 37. Qf5 Qa5 38. Qh7+ Kf8 39. hxg7+ Bxg7 40. Qc2 Qd5 41. Qc7 Re8 42. Bd6+ Kg8 43. Bf4 Be5 44. Qc2 Bg7 45. Qh7+ Kf8 46. Bh6 Qe5 47. Qh8+ Ke7 48. Qxg7 Qxg7 49. Bxg7 Ra6 50. Bd4 Re6 51. Be3 Rb8 52. Bf5 Rc6 53. Bxa7 Rb4 54. Be3 Kf6 55. Bh3 Ke5 56. Bg2 Rc2 57. Rd1 Rcb2 58. Bf3 Rb1 59. Kg2 Rxd1 60. Bxd1 Kf6 61. Bf3 Kg7 62. g4 f6 63. Bd5 Rb5 64. Be6 Re5 65. Bf5 Re8 66. Kg3 Rb8 67. Kf4 Rb4+ 68. Be4 Rb5 69. Bd4 Rb4 70. Ke3 Rb3+ 71. Bd3 Kf7 72. f4 Rb4 73. Bc3 Ra4 74. Bd4 Rb4 75. Ke4 Ra4 76. Bc2 Rb4 77. Kd3 Rb7 78. f5 Rb5 79. Kc4 Ra5 80. Bb3 Kg7 81. Bc2 Ra2 82. Kd3 Ra3+ 83. Bc3 Kf7 84. Kd4 Ra4+ 85. Bxa4 1-0

[Event "Titled Tuesday intern op 19th Dec Early"]
[Site "Chess.com INT"]
[Date "2023.12.19"]
[Round "2"]
[White "Kezin, Roman"]
[Black "Vakhidov, Shahzod"]
[Result "1-0"]
[WhiteElo "2502"]
[BlackElo "2312"]
[PlyCount "77"]
[EventDate "2023.12.19"]
[EventType "swiss (blitz)"]
[EventRounds "11"]
[EventCountry "USA"]
[SourceTitle "CB52_2023"]
[SourceDate "2023.12.27"]
[SourceVersion "1"]
[SourceVersionDate "2023.12.27"]
[SourceQuality "1"]

1. d4 Nf6 2. c4 c5 3. d5 b5 4. Nf3 g6 5. cxb5 a6 6. bxa6 Bg7 7. Nc3 0-0 8. a7 Rxa7 9. e4 d6 10. Be2 Nbd7 11. 0-0 Qb6 12. a4 Ba6 13. Re1 Rb8 14. Ra3 Ne8 15. Nb5 Raa8 16. Nd2 Ne5 17. Kh1 c4 18. Nxc4 Nxc4 19. Bxc4 Qxf2 20. Rf3 Qh4 21. b3 Bxb5 22. Bxb5 Be5 23. Rh3 Qf6 24. Rf1 Qh8 25. Bd2 Nf6 26. Qe2 h5 27. Bc6 Ra7 28. b4 e6 29. Be3 Re7 30. b5 exd5 31. exd5 Ng4 32. Bg1 Kf8 33. Qxg4 hxg4 34. Rxh8+ Bxh8 35. a5 Re2 36. a6 Ra2 37. a7 Rd8 38. b6 Be5 39. b7 1-0

[Event "Titled Tuesday intern op 12th Dec Early"]
[Site "Chess.com INT"]
[Date "2023.12.12"]
[Round "10"]
[White "Vakhidov, Shahzod"]
[Black "Gabrielian, Artur"]
[Result "0-1"]
[WhiteElo "2312"]
[BlackElo "2442"]
[PlyCount "110"]
[EventDate "2023.12.12"]
[EventType "swiss (blitz)"]
[EventRounds "11"]
[EventCountry "USA"]
[SourceTitle "CB51_2023"]
[SourceDate "2023.12.20"]
[SourceVersion "1"]
[SourceVersionDate "2023.12.20"]
[SourceQuality "1"]

1. d4 Nf6 2. Nf3 g6 3. g3 Bg7 4. Bg2 0-0 5. c4 d6 6. 0-0 Nc6 7. Nc3 e5 8. dxe5 dxe5 9. Bg5 h6 10. Qxd8 Rxd8 11. Bxf6 Bxf6 12. Nd5 Kg7 13. Nxc7 Rb8 14. e4 Be6 15. Nxe6+ fxe6 16. Rfd1 Be7 17. Kf1 Bc5 18. Rxd8 Rxd8 19. Ke2 a5 20. Rd1 Rxd1 21. Kxd1 Bxf2 22. Ke2 Bc5 23. Ne1 Kf6 24. Nd3 Bd4 25. a3 a4 26. h3 Na5 27. Bf1 Nxc4 28. Kd1 b5 29. Be2 Ke7 30. Kc2 Kd6 31. g4 g5 32. Nb4 Ne3+ 33. Kc1 Kc5 34. Nd3+ Kb6 35. Kd2 Ka5 36. Nb4 Ng2 37. Bf1 Nf4 38. Kc2 Kb6 39. b3 Bc5 40. Na2 Bxa3 41. bxa4 bxa4 42. Nc3 Ka5 43. Nb5 Bc5 44. Nc7 Kb6 45. Ne8 a3 46. Nf6 Bd4 47. Kb3 Bc5 48. Ng8 Ng6 49. Nxh6 Nh4 50. Nf7 Nf3 51. Bc4 Nd2+ 52. Kc3 Nxc4 53. Kxc4 a2 54. Nxe5 a1Q 55. Nd7+ Kc6 0-1

[Event "Titled Tuesday intern op 11th Apr Early"]
[Site "Chess.com INT"]
[Date "2023.04.11"]
[Round "4"]
[White "Jaracz, Pawel"]
[Black "Vakhidov, Shahzod"]
[Result "0-1"]
[WhiteElo "2467"]
[BlackElo "2312"]
[PlyCount "84"]
[EventDate "2023.04.11"]
[EventType "swiss (blitz)"]
[EventRounds "11"]
[EventCountry "USA"]
[SourceTitle "CBM 213 Extra"]
[Source "ChessBase"]
[SourceDate "2023.05.31"]
[SourceVersion "1"]
[SourceVersionDate "2023.05.31"]
[SourceQuality "1"]

1. e4 c5 2. Nf3 g6 3. c4 Bg7 4. d4 cxd4 5. Nxd4 Nc6 6. Be3 Nf6 7. Nc3 0-0 8. Be2 d6 9. 0-0 Bd7 10. Qd2 Nxd4 11. Bxd4 Bc6 12. f3 a5 13. b3 Nd7 14. Be3 Nc5 15. Rac1 e6 16. Rfd1 Be5 17. Nb5 Qh4 18. f4 Nxe4 19. Qe1 Qxe1+ 20. Rxe1 Bg7 21. Bf3 Bxb5 22. cxb5 Nc3 23. Bxb7 Rab8 24. Ba6 Nxb5 25. Rc6 d5 26. Rc5 Nd6 27. Rxa5 Bc3 28. Rc1 Bxa5 29. Rc6 Nf5 30. Bc5 Rfd8 31. g4 Ng7 32. Be7 Rd7 33. Bd6 Ra8 34. Bb5 Ne8 35. Be5 Bc7 36. Rc2 Re7 37. Bc6 Rc8 38. Bd4 Bxf4 39. b4 e5 40. Bb6 Nd6 41. Rc5 Be3+ 42. Kg2 Bxc5 0-1

[Event "Titled Tuesday intern op 11th Apr Early"]
[Site "Chess.com INT"]
[Date "2023.04.11"]
[Round "10"]
[White "Molina, Roberto Junio Brito"]
[Black "Vakhidov, Shahzod"]
[Result "1-0"]
[WhiteElo "2403"]
[BlackElo "2312"]
[PlyCount "45"]
[EventDate "2023.04.11"]
[EventType "swiss (blitz)"]
[EventRounds "11"]
[EventCountry "USA"]
[SourceTitle "CBM 213 Extra"]
[Source "ChessBase"]
[SourceDate "2023.05.31"]
[SourceVersion "1"]
[SourceVersionDate "2023.05.31"]
[SourceQuality "1"]

1. e4 c5 2. Nf3 g6 3. d4 cxd4 4. Nxd4 Bg7 5. Nc3 Nc6 6. Nb3 Nf6 7. Be2 0-0 8. 0-0 d6 9. Re1 Be6 10. Bf1 a6 11. a4 Nd7 12. Nd5 Nc5 13. Nxc5 dxc5 14. c3 f5 15. Bg5 fxe4 16. Nxe7+ Nxe7 17. Qxd8 Rfxd8 18. Rxe4 Kf7 19. Rae1 Rd5 20. Rxe6 Nc6 21. Bc4 Rxg5 22. Rxc6+ Kf8 23. Rc7 1-0

[Event "Titled Tuesday intern op 19th Oct"]
[Site "Chess.com INT"]
[Date "2021.10.19"]
[Round "5"]
[White "Vakhidov, Shahzod"]
[Black "Sergienko, Sergey"]
[Result "0-1"]
[WhiteElo "2312"]
[BlackElo "2337"]
[PlyCount "94"]
[EventDate "2021.10.19"]
[EventType "swiss (blitz)"]
[EventRounds "11"]
[EventCountry "USA"]
[SourceTitle "CBM 204 Extra"]
[Source "ChessBase"]
[SourceDate "2021.11.30"]
[SourceVersion "1"]
[SourceVersionDate "2021.11.30"]
[SourceQuality "1"]

1. c4 c5 2. g3 Nf6 3. Bg2 d5 4. Nf3 Nc6 5. 0-0 e5 6. cxd5 Nxd5 7. Nc3 Nc7 8. d3 Be7 9. Be3 0-0 10. Rc1 b6 11. Qd2 f6 12. Nh4 Bd7 13. a3 Rc8 14. b4 Nd4 15. bxc5 Nb3 16. Qb2 Nxc1 17. cxb6 axb6 18. Rxc1 Bc5 19. Bxc5 bxc5 20. Ne4 Be6 21. Nxc5 Bd5 22. e4 Bf7 23. Nf5 Ne6 24. Nxe6 Rxc1+ 25. Qxc1 Bxe6 26. Ne3 Qxd3 27. Nd5 Kh8 28. Qc6 Qd1+ 29. Bf1 Bh3 30. Ne3 Qa1 31. Qc5 Rg8 32. g4 Bxf1 33. Nxf1 Ra8 34. Qd5 Qxa3 35. Ne3 Rg8 36. Kg2 Qe7 37. g5 fxg5 38. Nf5 Qf6 39. Ng3 Qf4 40. f3 g4 41. fxg4 Rf8 42. Qc5 Qf3+ 43. Kh3 h6 44. Qxe5 Rf6 45. g5 hxg5 46. Qe8+ Kh7 47. Qh5+ Rh6 0-1

[Event "Titled Tuesday intern op 24th Aug"]
[Site "Chess.com INT"]
[Date "2021.08.24"]
[Round "8"]
[White "Borsuk, Konstantin"]
[Black "Vakhidov, Shahzod"]
[Result "1-0"]
[WhiteElo "2415"]
[BlackElo "2312"]
[PlyCount "79"]
[EventDate "2021.08.24"]
[EventType "swiss (blitz)"]
[EventRounds "11"]
[EventCountry "USA"]
[SourceTitle "EXT 2022"]
[Source "ChessBase"]
[SourceDate "2021.10.06"]
[SourceVersion "1"]
[SourceVersionDate "2021.10.06"]
[SourceQuality "1"]

1. d4 g6 2. c4 Bg7 3. Nc3 d6 4. e4 e5 5. d5 a5 6. Be3 Bh6 7. Bxh6 Nxh6 8. h4 Na6 9. h5 Kf8 10. Qd2 Kg7 11. f3 Nc5 12. g4 f5 13. exf5 gxf5 14. g5 Nf7 15. h6+ Kf8 16. f4 exf4 17. Nf3 Nxg5 18. Nxg5 Qxg5 19. 0-0-0 Ne4 20. Qd4 f3+ 21. Kb1 Qf6 22. Nxe4 Qxd4 23. Rxd4 fxe4 24. Kc1 Bf5 25. Kd2 Rg8 26. Ke3 Ke7 27. Bh3 Bg6 28. Kf2 Kf6 29. Rdd1 Ke5 30. Ke3 Rgf8 31. Rdg1 Kf6 32. Be6 a4 33. a3 Rfb8 34. Rh4 Rf8 35. Kf2 Ke7 36. Rhg4 Rh8 37. Rc1 c5 38. Rcg1 Kf6 39. Rf4+ Ke5 40. Ke3 1-0

[Event "Titled Tuesday intern op 27th Oct"]
[Site "Chess.com INT"]
[Date "2020.10.27"]
[Round "1"]
[White "Vakhidov, Shahzod"]
[Black "Artemiev, Vladislav"]
[Result "0-1"]
[WhiteElo "2312"]
[BlackElo "2716"]
[PlyCount "48"]
[EventDate "2020.10.27"]
[EventType "swiss (blitz)"]
[EventRounds "11"]
[EventCountry "USA"]
[SourceTitle "CBM 199 Extra"]
[Source "ChessBase"]
[SourceDate "2021.01.31"]
[SourceVersion "1"]
[SourceVersionDate "2021.01.31"]
[SourceQuality "1"]

1. c4 e5 2. g3 Nc6 3. Bg2 g6 4. Nc3 Bg7 5. d3 d6 6. e4 h5 7. h3 Be6 8. Nge2 Qd7 9. Be3 Nd4 10. f4 Ne7 11. Nd5 c6 12. Nxe7 Qxe7 13. 0-0 Qd7 14. Bxd4 exd4 15. f5 gxf5 16. exf5 Bxf5 17. Nf4 Be5 18. Kh2 0-0-0 19. Nxh5 Rdg8 20. Qf3 Rg5 21. Nf4 Rhg8 22. g4 Bxg4 23. hxg4 Rxg4 24. Bh3 Rh8 0-1

[Event "Titled Tuesday intern op 29th Sept"]
[Site "Chess.com INT"]
[Date "2020.09.29"]
[Round "3"]
[White "Ivlev, Aleksey"]
[Black "Vakhidov, Shahzod"]
[Result "0-1"]
[WhiteElo "2315"]
[BlackElo "2312"]
[PlyCount "114"]
[EventDate "2020.09.29"]
[EventType "swiss (blitz)"]
[EventRounds "10"]
[EventCountry "USA"]
[SourceTitle "CBM 198 Extra"]
[Source "ChessBase"]
[SourceDate "2020.11.30"]
[SourceVersion "1"]
[SourceVersionDate "2020.11.30"]
[SourceQuality "1"]

1. d4 g6 2. c4 Bg7 3. Nc3 d6 4. e4 e5 5. d5 a5 6. Be3 Na6 7. h4 h5 8. Be2 Bh6 9. Qd2 Bxe3 10. Qxe3 Nf6 11. 0-0-0 Nc5 12. f3 a4 13. Nh3 Bxh3 14. Rxh3 Qd7 15. Kb1 0-0-0 16. Rhh1 Kb8 17. Rhg1 Rdg8 18. g4 hxg4 19. fxg4 Qd8 20. g5 Nh5 21. Bxh5 Rxh5 22. Qf2 Qe8 23. Rdf1 Rg7 24. Rg4 Rgh7 25. Kc2 Qd7 26. Qg3 Na6 27. a3 Nc5 28. Rf6 Nb3 29. Kb1 Nd4 30. Ka2 Qc8 31. Qg2 b6 32. Nxa4 Qa6 33. b3 b5 34. Nc5 Qa7 35. Nd7+ Kc8 36. Nf8 Rg7 37. cxb5 Nxb5 38. Qf2 Qxa3+ 39. Kb1 Qxb3+ 40. Kc1 Nd4 41. Qb2 Qe3+ 42. Kb1 Nb3 43. Ka2 Nc1+ 44. Kb1 Nd3 45. Qa3 Qb6+ 46. Kc2 Nb4+ 47. Kc3 Na6 48. Qb3 Qc5+ 49. Qc4 Qe3+ 50. Kb2 Qd2+ 51. Kb3 Nc5+ 52. Ka3 Qe3+ 53. Ka2 Qf2+ 54. Kb1 Qe1+ 55. Ka2 Qd2+ 56. Ka3 Qe3+ 57. Qb3 Qxb3# 0-1

[Event "Titled Tuesday intern op 6th June"]
[Site "Chess.com INT"]
[Date "2020.06.02"]
[Round "1"]
[White "Vakhidov, Shahzod"]
[Black "Remizov, Yaroslav"]
[Result "1-0"]
[WhiteElo "2312"]
[BlackElo "2403"]
[PlyCount "111"]
[EventDate "2020.06.02"]
[EventType "swiss (blitz)"]
[EventRounds "10"]
[EventCountry "USA"]
[SourceTitle "CBM 196 Extra"]
[Source "ChessBase"]
[SourceDate "2020.07.31"]
[SourceVersion "1"]
[SourceVersionDate "2020.07.31"]
[SourceQuality "1"]

1. c4 Nf6 2. g3 e6 3. Bg2 d5 4. Nf3 g6 5. 0-0 Bg7 6. d4 0-0 7. Nc3 c6 8. h3 b6 9. e3 Bb7 10. b3 Nbd7 11. Bb2 c5 12. dxc5 Nxc5 13. Nd4 Nfe4 14. Nxe4 dxe4 15. Qc2 f5 16. b4 e5 17. bxc5 exd4 18. exd4 Bxd4 19. Bxd4 Qxd4 20. cxb6 axb6 21. Qb3 Qc5 22. Rfb1 Ra6 23. Qb5 Qxb5 24. Rxb5 Rc8 25. Bf1 Rc5 26. a4 Rxb5 27. cxb5 Ra8 28. Rd1 Bc8 29. Rd6 Kg7 30. Rxb6 Rxa4 31. Rc6 Ra8 32. b6 Kh6 33. h4 Bb7 34. Rc7 Bd5 35. b7 Rb8 36. Ba6 g5 37. hxg5+ Kxg5 38. Rg7+ Kh6 39. Rd7 Bb3 40. Rc7 Bd5 41. Rc8 Rxb7 42. Bxb7 Bxb7 43. Rc7 Bd5 44. Kh2 Kg6 45. Kh3 Be6 46. Kh4 h6 47. Rc6 Kf6 48. Kh5 Ke5 49. Kxh6 Bd5 50. Ra6 f4 51. g4 Kd4 52. g5 e3 53. fxe3+ fxe3 54. Ra1 Kd3 55. Rd1+ Ke4 56. g6 1-0

[Event "Titled Tuesday intern op 6th June"]
[Site "Chess.com INT"]
[Date "2020.06.02"]
[Round "2"]
[White "Vakhidov, Shahzod"]
[Black "Shkapenko, Pavel"]
[Result "0-1"]
[WhiteElo "2312"]
[BlackElo "2424"]
[PlyCount "38"]
[EventDate "2020.06.02"]
[EventType "swiss (blitz)"]
[EventRounds "10"]
[EventCountry "USA"]
[SourceTitle "CBM 196 Extra"]
[Source "ChessBase"]
[SourceDate "2020.07.31"]
[SourceVersion "1"]
[SourceVersionDate "2020.07.31"]
[SourceQuality "1"]

1. Nf3 Nf6 2. g3 d5 3. Bg2 c6 4. c4 dxc4 5. 0-0 Nbd7 6. a4 e5 7. Qc2 Bd6 8. Na3 Bc7 9. Nxc4 0-0 10. d3 Re8 11. Nfd2 Nf8 12. b4 Ne6 13. e3 Ng5 14. Nb3 Bh3 15. Nc5 Bxg2 16. Kxg2 Qc8 17. f4 exf4 18. gxf4 Qh3+ 19. Kh1 Qxf1# 0-1